00885nam a2200229 i 4500001001000000003000900010005001700019007000300036008004100039040003000080082000700110100004100117245010500158264004900263300005500312336002700367337003300394338002800427500006300455504003200518505010500550000026586DO-SdBNP20240501110539.0ta110323s1995 dr ac 000 0 spa d aDO-SdBNPbspacBNPHUerda 4222 aMiolán, Ángel,d1912-2010eautor10aMemoria :btestimonios de un octogenario sobre su vida y la política de su pais /cAngel Miolán. aSanto Domingo :bLetras de Quisqueya,c1995. a285 páginas :bilustraciones, retratos ;c24 cm. 2rdacontentatextobtxt 2rdamediaasin mediaciónbn 2rdacarrieravolumenbnc aIncluye datos biográficos del autor en la contracubierta aBibliografía : p. 278-2802 alibro primero : de la batalla contra la tiranía de Trujillo en la República Dominicana y Haití